Statistics for Simpsons Cathphrases

Click here to take the quiz!

General Stats

  • This quiz has been taken 57 times
  • The average score is 4 of 8

Answer Stats

PersonCathphrase% Correct
HomerD'oh
98%
BartEat My Shorts
80%
BartDon't Have A Cow, Man
45%
HomerWhy, You Little-!
39%
BartAy, Caramba!
35%
HomerWoo Hoo!
35%
LisaIf Anyone Needs Me, I'll Be In My Room
14%
BartI'm Bart Simpson, Who The Hell Are You?
12%

Score Distribution

Percentile by Number Answered

Percent of People with Each Score

Your Score History

You have not taken this quiz